Statistics for 京都市バス205系統の停留所名

Click here to take the quiz!

General Stats

  • This quiz has been taken 18 times
  • The average score is 26 of 55

Answer Stats

Answer% Correct
西大路七条
87%
京都駅前
87%
西大路五条
87%
西大路四条
87%
四条河原町
87%
北野白梅町
80%
西大路三条
80%
北大路バスターミナル
80%
金閣寺道
73%
西大路御池
73%
京都市役所前
73%
河原町三条
67%
千本北大路
60%
九条車庫前
60%
わら天神前
60%
下鴨神社前
60%
植物園前
60%
北大路堀川
60%
河原町五条
60%
下京区総合庁舎前
60%
西大路松原
53%
河原町松原
53%
河原町今出川
53%
河原町丸太町
53%
大徳寺前
47%
七条河原町
47%
西ノ京円町
47%
烏丸七条
47%
東寺道
47%
烏丸北大路
47%
荒神口
40%
北大路新町
40%
新葵橋
40%
七条堀川
40%
太子道
40%
洛北高校前
40%
河原町正面
40%
府立医大病院前
40%
建勲神社前
33%
船岡山
33%
西大路花屋町
33%
葵橋西詰
33%
七条西洞院
33%
七条千本
27%
大将軍
27%
北野中学前
27%
衣笠校前
27%
府立大学前
20%
一本松
20%
糺ノ森
20%
七条御前通
13%
七条壬生川
13%
七条大宮・京都水族館前
13%
塩小路高倉・京都市立芸術大学前
7%
梅小路公園・JR梅小路京都西駅前
0%

Score Distribution

Percentile by Number Answered

Percent of People with Each Score

Your Score History

You have not taken this quiz